<?xml version="1.0" encoding="UTF-8"?>
<collection xmlns="http://www.loc.gov/MARC21/slim">
 <record>
  <leader>02237nam a22003498i 4500</leader>
  <controlfield tag="001">32557</controlfield>
  <controlfield tag="003">BD-DhAAL</controlfield>
  <controlfield tag="005">20180108165811.0</controlfield>
  <controlfield tag="008">180108t2017    xxka     bi   001 0 eng d</controlfield>
  <datafield tag="999" ind1=" " ind2=" ">
   <subfield code="c">38607</subfield>
   <subfield code="d">38607</subfield>
  </datafield>
  <datafield tag="020" ind1=" " ind2=" ">
   <subfield code="a">9781783302307</subfield>
  </datafield>
  <datafield tag="020" ind1=" " ind2=" ">
   <subfield code="a">9780838915417 (pbk. : alk. paper)</subfield>
  </datafield>
  <datafield tag="040" ind1=" " ind2=" ">
   <subfield code="a">DLC</subfield>
   <subfield code="b">eng</subfield>
   <subfield code="c">DLC</subfield>
   <subfield code="e">rda</subfield>
  </datafield>
  <datafield tag="042" ind1=" " ind2=" ">
   <subfield code="a">pcc</subfield>
  </datafield>
  <datafield tag="050" ind1="0" ind2="0">
   <subfield code="a">Z692.C65</subfield>
   <subfield code="b">V47 2017</subfield>
  </datafield>
  <datafield tag="082" ind1="0" ind2="0">
   <subfield code="a">025.284</subfield>
   <subfield code="2">23</subfield>
  </datafield>
  <datafield tag="100" ind1="1" ind2=" ">
   <subfield code="a">Verminski, Alana</subfield>
   <subfield code="9">24490</subfield>
  </datafield>
  <datafield tag="245" ind1="1" ind2="0">
   <subfield code="a">Fundamentals of electronic resources management /</subfield>
   <subfield code="c">Alana Verminski, Kelly Marie Blanchat.</subfield>
  </datafield>
  <datafield tag="264" ind1=" " ind2="1">
   <subfield code="a">London :</subfield>
   <subfield code="b">Facet Publishing,</subfield>
   <subfield code="c">2017.</subfield>
  </datafield>
  <datafield tag="300" ind1=" " ind2=" ">
   <subfield code="a">viii, 251 pages :</subfield>
   <subfield code="b">illustrations ;</subfield>
   <subfield code="c">23 cm.</subfield>
  </datafield>
  <datafield tag="490" ind1="0" ind2=" ">
   <subfield code="a">ALA fundamentals series</subfield>
  </datafield>
  <datafield tag="504" ind1=" " ind2=" ">
   <subfield code="a">Includes bibliographical references and index.</subfield>
  </datafield>
  <datafield tag="505" ind1="0" ind2=" ">
   <subfield code="a">Getting your feet wet : a background in electronic resources management -- Ways to pay : understanding electronic resources purchase models -- Evaluating content, old and new -- Changing the rules : selecting and managing open access resources -- Negotiation and licensing for electronic resources -- Keeping the lights on : setting up and maintaining access -- Making sense of electronic resources usage statistics : Project COUNTER and beyond -- What you might want to ask a library vendor (but never thought you could) -- Techniques and tools for marketing electronic resources -- Emerging trends and the impact of change on electronic resources management -- Appendix A. University of North Texas Libraries open access resource rubric -- Appendix B. License review checklist -- Glossary. Acronyms and everyday jargon : things every electronic resources librarian should know.</subfield>
  </datafield>
  <datafield tag="526" ind1=" " ind2=" ">
   <subfield code="a">AAL</subfield>
  </datafield>
  <datafield tag="541" ind1=" " ind2=" ">
   <subfield code="a">STS International</subfield>
   <subfield code="e">32557</subfield>
  </datafield>
  <datafield tag="650" ind1=" " ind2="0">
   <subfield code="a">Libraries</subfield>
   <subfield code="x">Special collections</subfield>
   <subfield code="x">Electronic information resources.</subfield>
   <subfield code="9">24491</subfield>
  </datafield>
  <datafield tag="650" ind1=" " ind2="0">
   <subfield code="a">Electronic information resources</subfield>
   <subfield code="x">Management.</subfield>
   <subfield code="9">24492</subfield>
  </datafield>
  <datafield tag="650" ind1=" " ind2="0">
   <subfield code="a">Libraries and electronic publishing.</subfield>
   <subfield code="9">24493</subfield>
  </datafield>
  <datafield tag="700" ind1="1" ind2=" ">
   <subfield code="a">Blanchat, Kelly Marie</subfield>
   <subfield code="9">24494</subfield>
  </datafield>
  <datafield tag="852" ind1=" " ind2=" ">
   <subfield code="a">Ayesha Abed Library</subfield>
   <subfield code="c">General Stacks</subfield>
  </datafield>
  <datafield tag="942" ind1=" " ind2=" ">
   <subfield code="2">ddc</subfield>
   <subfield code="c">BK</subfield>
  </datafield>
  <datafield tag="952" ind1=" " ind2=" ">
   <subfield code="0">0</subfield>
   <subfield code="1">0</subfield>
   <subfield code="2">ddc</subfield>
   <subfield code="4">0</subfield>
   <subfield code="6">025_284000000000000_VER</subfield>
   <subfield code="7">0</subfield>
   <subfield code="9">62335</subfield>
   <subfield code="a">BRACUL</subfield>
   <subfield code="b">BRACUL</subfield>
   <subfield code="c">GEN</subfield>
   <subfield code="d">2017-12-20</subfield>
   <subfield code="e">STS International</subfield>
   <subfield code="g">6700.00</subfield>
   <subfield code="l">1</subfield>
   <subfield code="m">5</subfield>
   <subfield code="o">025.284 VER</subfield>
   <subfield code="p">3010032557</subfield>
   <subfield code="r">2025-07-31</subfield>
   <subfield code="s">2021-07-06</subfield>
   <subfield code="t">1</subfield>
   <subfield code="v">6700.00</subfield>
   <subfield code="w">2017-12-20</subfield>
   <subfield code="y">BK</subfield>
  </datafield>
 </record>
</collection>
